| 000 | 00777nam a22002297a 4500 | ||
|---|---|---|---|
| 003 | OSt | ||
| 005 | 20230830110621.0 | ||
| 008 | 221006b |||||||| |||| 00| 0 eng d | ||
| 040 | _cBiblioteca Lado V | ||
| 082 |
_a730 _bC348m |
||
| 100 |
_9989 _aCastellanos, Maria Dolores _eautor |
||
| 245 |
_aMaria Dolores Castellanos/ _bARTESUBASTA/ |
||
| 260 |
_bArte Subasta _c2001 _aGuatemala |
||
| 300 |
_c20.5x20.5cm _a22p. |
||
| 366 | _espa | ||
| 505 | _tOtras emergencias en Costa Rica | ||
| 650 |
_2Tesauro de Arte & Arquitectura _aARTE _9703 |
||
| 650 |
_2Tesauro de Arte & Arquitectura _aEXHIBICION _9702 |
||
| 650 |
_2Tesauro de Arte & Arquitectura _aESCULTURA _9702 |
||
| 650 |
_2Tesauro de Arte & Arquitectura _aPREMIO |
||
| 942 |
_2ddc _c1 _h730 _iC348m _n0 |
||
| 999 |
_c4237 _d4237 |
||